ბათუმის შოთა რუსთაველის სახელმწიფო უნივერსიტეტის ბიბლიოთეკა

Методы теории функций многих комплексных переменных (ბიბ.ჩანაწერი № 48242)

000 -LEADER
fixed length control field 00681nam a2200217Ia 4500
001 - CONTROL NUMBER
control field 15126
003 - CONTROL NUMBER IDENTIFIER
control field GE_BSU
008 - FIXED-LENGTH DATA ELEMENTS--GENERAL INFORMATION
fixed length control field 181216s||||||||xx |||||||||||||| ||und||
040 ## - CATALOGING SOURCE
Transcribing agency GE_BSU
080 ## - UNIVERSAL DECIMAL CLASSIFICATION NUMBER
Universal Decimal Classification number 517.55
100 ## - MAIN ENTRY--PERSONAL NAME
Personal name Владимиров,В,С
245 ## - TITLE STATEMENT
Title Методы теории функций многих комплексных переменных
245 ## - TITLE STATEMENT
Statement of responsibility, etc. Ред:И,Т,Тодоров
260 ## - PUBLICATION, DISTRIBUTION, ETC.
Place of publication, distribution, etc. Москва
260 ## - PUBLICATION, DISTRIBUTION, ETC.
Name of publisher, distributor, etc. Наука
260 ## - PUBLICATION, DISTRIBUTION, ETC.
Date of publication, distribution, etc. 1964
300 ## - PHYSICAL DESCRIPTION
Extent 411стр,20см
300 ## - PHYSICAL DESCRIPTION
Other physical details библиог,стр 408-411
653 ## - INDEX TERM--UNCONTROLLED
Uncontrolled term Методы теории функций многих комплексных переменных
942 ## - ADDED ENTRY ELEMENTS (KOHA)
Koha item type წიგნი
ეგზემპლარები
Withdrawn status Lost status Damaged status Not for loan Date acquired Barcode Date last seen Price effective from Koha item type
        2018-12-17 17351 2018-12-17 2018-12-17 წიგნი
        2018-12-17 17352 2018-12-17 2018-12-17 წიგნი